Pays les plus peuplés par moitié d'hémisphère - Statistiques

Statistiques générales
  • Ce quiz a été pris 683 fois
  • Le résultat moyen est 16 sur 20
Réponses sur la Carte
Les réponses sont colorées sur une échelle allant du rouge au vert en fonction du pourcentage des utilisateurs qui les ont devinées à leur premier essai. Vous pouvez retrouver ces pourcentages ci-dessous.
 
Statistiques - réponses
Réponse Hémisphère Hint % Correct
Chine Nord-Est 1434M
99%
États-Unis Nord-Ouest 345M
99%
Brésil Sud-Ouest 210M
98%
Inde Nord-Est 1438M
98%
Mexique Nord-Ouest 129M
96%
Argentine Sud-Ouest 45M
93%
Afrique du Sud Sud-Est 61M
88%
Indonésie Sud-Est 250M
88%
Colombie Nord-Ouest 52M
85%
Pérou Sud-Ouest 32M
85%
Chili Sud-Ouest 19M
84%
République Démocratique du Congo Sud-Est 65M
84%
Pakistan Nord-Est 244M
76%
Équateur Sud-Ouest 17M
68%
Royaume-Uni Nord-Ouest 55M
67%
Nigeria Nord-Est 228M
65%
Bangladesh Nord-Est 174M
64%
Espagne Nord-Ouest 40M
64%
Tanzanie Sud-Est 69M
58%
Kenya Sud-Est 50M
47%
Aucun quiz correspondant
Distribution des résultats
% des personnes avec chaque résultat
Percentile par nombre de réponses
Votre historique - résultats
Vous n’avez pas pris ce quiz